[Event "ODJM B 2018"]
[Site "Willingen GER"]
[Date "2018.05.20"]
[Round "1"]
[White "Zell, Hannah"]
[Black "Pauls, Fynn"]
[Result "0-1"]
[Termination "normal"]
[Board "4"]
[WhiteElo "1547"]
[BlackElo "1789"]
[WhiteClock "00:29:07"]
[BlackClock "00:34:07"]
[PlyCount "88"]
[WhiteFideId "16208900"]
[BlackFideId "16213149"]
[EventCountry "GER"]
[EventRounds "9"]
[EventType "swiss"]
[EventDate "2018.05.19"]

1. e4 {[%clk 1:30:57]} 1... d6 {[%clk 1:30:54]} 2. d4 {[%clk 1:31:12]} 2... Nf6
{[%clk 1:31:20]} 3. Nc3 {[%clk 1:30:47]} 3... g6 {[%clk 1:31:47]} 4. Nf3 {
[%clk 1:29:28]} 4... Bg7 {[%clk 1:32:06]} 5. Be2 {[%clk 1:28:11]} 5... O-O {
[%clk 1:30:01]} 6. O-O {[%clk 1:27:16]} 6... c6 {[%clk 1:24:58]} 7. a4 { [%clk
1:25:41]} 7... Qc7 {[%clk 1:22:08]} 8. h3 {[%clk 1:15:31]} 8... e5 { [%clk
1:20:22]} 9. Be3 {[%clk 1:04:50]} 9... Nbd7 {[%clk 1:17:43]} 10. Qc1 { [%clk
0:56:56]} 10... exd4 {[%clk 1:03:47]} 11. Bxd4 {[%clk 0:53:06]} 11... Re8
{[%clk 1:02:18]} 12. Bd3 {[%clk 0:49:36]} 12... Nc5 {[%clk 0:59:29]} 13. Re1 {
[%clk 0:47:12]} 13... Bd7 {[%clk 0:48:13]} 14. e5 {[%clk 0:34:28]} 14... Nxd3 {
[%clk 0:47:27]} 15. cxd3 {[%clk 0:28:29]} 15... dxe5 {[%clk 0:42:03]} 16. Bxe5
{[%clk 0:26:45]} 16... Qa5 {[%clk 0:40:24]} 17. d4 {[%clk 0:23:46]} 17... Be6 {
[%clk 0:27:31]} 18. Qc2 {[%clk 0:17:34]} 18... Bf5 {[%clk 0:24:56]} 19. Qd1 {
[%clk 0:14:12]} 19... Rad8 {[%clk 0:22:53]} 20. g4 {[%clk 0:12:16]} 20... Be6 {
[%clk 0:21:38]} 21. Qc2 {[%clk 0:07:39]} 21... Bd5 {[%clk 0:12:51]} 22. Nxd5 {
[%clk 0:05:39]} 22... Qxd5 {[%clk 0:11:54]} 23. Nd2 {[%clk 0:04:22]} 23... Nd7
{[%clk 0:09:09]} 24. Bxg7 {[%clk 0:03:42]} 24... Kxg7 {[%clk 0:09:37]} 25. Nb3
{[%clk 0:03:06]} 25... Nf6 {[%clk 0:06:22]} 26. Rad1 {[%clk 0:02:17]} 26... Ne4
{[%clk 0:05:31]} 27. Nc5 {[%clk 0:01:40]} 27... Ng5 {[%clk 0:04:08]} 28. Rxe8 {
[%clk 0:01:13]} 28... Rxe8 {[%clk 0:04:36]} 29. Qd3 {[%clk 0:01:36]} 29... Nf3+
{[%clk 0:02:56]} 30. Kf1 {[%clk 0:01:46]} 30... b6 {[%clk 0:02:58]} 31. Nb3 {
[%clk 0:01:34]} 31... Nd2+ {[%clk 0:02:17]} 32. Kg1 {[%clk 0:00:58]} 32... Nxb3
{[%clk 0:02:13]} 33. f3 {[%clk 0:00:45]} 33... Rd8 {[%clk 0:01:52]} 34. Qc3 {
[%clk 0:00:34]} 34... Nxd4 {[%clk 0:01:04]} 35. Kf2 {[%clk 0:00:41]} 35... c5 {
[%clk 0:01:18]} 36. Qe3 {[%clk 0:00:31]} 36... Qe6 {[%clk 0:01:20]} 37. Qxe6 {
[%clk 0:00:51]} 37... Nxe6 38. Rxd8 {[%clk 0:01:08]} 38... Nxd8 {[%clk 0:02:11]
} 39. Ke3 {[%clk 0:01:09]} 39... Kf6 {[%clk 0:02:37]} 40. f4 {[%clk 0:01:05]}
40... Ke6 {[%clk 0:02:40]} 41. Kd3 {[%clk 0:29:33]} 41... Kd5 {[%clk 0:33:02]}
42. b3 {[%clk 0:29:33]} 42... f5 {[%clk 0:33:14]} 43. g5 {[%clk 0:29:13]} 43...
Ne6 {[%clk 0:33:41]} 44. Ke3 {[%clk 0:29:07]} 44... Nd4 {[%clk 0:34:07]} 0-1

[Event "ODJM B 2018"]
[Site "Willingen GER"]
[Date "2018.05.20"]
[Round "1"]
[White "Petri, Ben-Luca"]
[Black "Mainka, Alwin"]
[Result "1/2-1/2"]
[Termination "normal"]
[Board "5"]
[WhiteElo "1767"]
[BlackElo "1608"]
[WhiteClock "00:43:45"]
[BlackClock "00:55:10"]
[PlyCount "61"]
[WhiteFideId "12947261"]
[BlackFideId "16241177"]
[EventCountry "GER"]
[EventRounds "9"]
[EventType "swiss"]
[EventDate "2018.05.19"]

1. d4 {[%clk 1:30:58]} 1... Nf6 {[%clk 1:30:56]} 2. c4 {[%clk 1:31:18]} 2... g6
{[%clk 1:31:24]} 3. Nc3 {[%clk 1:31:24]} 3... d5 {[%clk 1:31:49]} 4. Nf3 {
[%clk 1:31:16]} 4... Bg7 {[%clk 1:32:13]} 5. cxd5 {[%clk 1:31:05]} 5... Nxd5 {
[%clk 1:32:38]} 6. e4 {[%clk 1:31:08]} 6... Nxc3 {[%clk 1:33:03]} 7. bxc3 {
[%clk 1:31:36]} 7... O-O {[%clk 1:33:18]} 8. Bc4 {[%clk 1:29:39]} 8... e6 {
[%clk 1:33:17]} 9. O-O {[%clk 1:29:53]} 9... c5 {[%clk 1:33:41]} 10. Be3 {
[%clk 1:28:26]} 10... Nc6 {[%clk 1:33:16]} 11. Rb1 {[%clk 1:25:15]} 11... Na5 {
[%clk 1:32:57]} 12. Be2 {[%clk 1:24:17]} 12... Qc7 {[%clk 1:29:31]} 13. Qc1 {
[%clk 1:22:16]} 13... c4 {[%clk 1:17:20]} 14. Nd2 {[%clk 1:21:36]} 14... b6 {
[%clk 1:11:39]} 15. f4 {[%clk 1:16:21]} 15... Rd8 {[%clk 1:08:14]} 16. Qc2 {
[%clk 1:16:07]} 16... Bb7 {[%clk 1:08:00]} 17. Rf2 {[%clk 1:10:39]} 17... Rac8
{[%clk 1:07:00]} 18. h3 {[%clk 1:02:41]} 18... f5 {[%clk 1:03:06]} 19. e5 {
[%clk 1:02:08]} 19... Kh8 {[%clk 1:02:52]} 20. Kh2 {[%clk 1:00:23]} 20... Bf8 {
[%clk 1:02:06]} 21. g4 {[%clk 0:58:01]} 21... Be7 {[%clk 1:02:08]} 22. gxf5 {
[%clk 0:57:02]} 22... gxf5 {[%clk 1:02:30]} 23. Rff1 {[%clk 0:57:15]} 23... Rg8
{[%clk 1:02:38]} 24. Rg1 {[%clk 0:57:21]} 24... Bd5 {[%clk 1:02:13]} 25. Bf2 {
[%clk 0:56:24]} 25... Rcf8 {[%clk 1:00:36]} 26. Rbe1 {[%clk 0:50:58]} 26... Qc6
{[%clk 0:59:55]} 27. Qd1 {[%clk 0:49:18]} 27... b5 {[%clk 0:58:52]} 28. a3 {
[%clk 0:47:21]} 28... Nb7 {[%clk 0:58:06]} 29. Rxg8+ {[%clk 0:46:51]} 29...
Rxg8 {[%clk 0:58:30]} 30. Rg1 {[%clk 0:47:03]} 30... Qe8 {[%clk 0:55:10]} 31.
Bh5 {[%clk 0:43:45]} 1/2-1/2

[Event "ODJM B 2018"]
[Site "Willingen GER"]
[Date "2018.05.20"]
[Round "1"]
[White "Wichert, Eddi"]
[Black "Wieber, Dominik"]
[Result "1-0"]
[Termination "normal"]
[Board "6"]
[WhiteElo "1599"]
[BlackElo "1790"]
[WhiteClock "00:32:01"]
[BlackClock "00:01:09"]
[PlyCount "79"]
[WhiteFideId "16266048"]
[BlackFideId "24699012"]
[EventCountry "GER"]
[EventRounds "9"]
[EventType "swiss"]
[EventDate "2018.05.19"]

1. e4 {[%clk 1:30:54]} 1... e5 {[%clk 1:30:40]} 2. Nf3 {[%clk 1:30:57]} 2...
Nc6 {[%clk 1:31:04]} 3. Bc4 {[%clk 1:31:12]} 3... Bc5 {[%clk 1:21:16]} 4. O-O {
[%clk 1:31:09]} 4... Nf6 {[%clk 1:21:16]} 5. d4 {[%clk 1:29:25]} 5... Bxd4 {
[%clk 1:17:35]} 6. Nxd4 {[%clk 1:29:11]} 6... Nxd4 {[%clk 1:13:00]} 7. f4 {
[%clk 1:29:19]} 7... d6 {[%clk 1:09:15]} 8. fxe5 {[%clk 1:29:24]} 8... dxe5 {
[%clk 1:09:37]} 9. Bg5 {[%clk 1:29:33]} 9... Be6 {[%clk 1:03:17]} 10. Na3 {
[%clk 1:25:03]} 10... Qd6 {[%clk 0:50:45]} 11. Bxf6 {[%clk 1:00:25]} 11... gxf6
{[%clk 0:48:48]} 12. Bxe6 {[%clk 0:55:31]} 12... Qxe6 {[%clk 0:41:47]} 13. c3 {
[%clk 0:55:31]} 13... Nc6 {[%clk 0:40:36]} 14. Nb5 {[%clk 0:53:03]} 14... Rc8 {
[%clk 0:32:15]} 15. Qd5 {[%clk 0:52:39]} 15... a6 {[%clk 0:31:10]} 16. Na3 {
[%clk 0:51:37]} 16... Ke7 {[%clk 0:27:08]} 17. Nc4 {[%clk 0:48:24]} 17... b6 {
[%clk 0:19:25]} 18. Ne3 {[%clk 0:45:31]} 18... Rcd8 {[%clk 0:17:33]} 19. Qb3 {
[%clk 0:37:46]} 19... Qxb3 {[%clk 0:14:47]} 20. axb3 {[%clk 0:38:10]} 20... Rd2
{[%clk 0:12:33]} 21. Nd5+ {[%clk 0:37:56]} 21... Kf8 {[%clk 0:07:45]} 22. Rxf6
{[%clk 0:38:04]} 22... Rg8 {[%clk 0:06:54]} 23. g3 {[%clk 0:37:46]} 23... Rg6 {
[%clk 0:06:56]} 24. Rf2 {[%clk 0:37:46]} 24... Rxf2 {[%clk 0:05:05]} 25. Kxf2 {
[%clk 0:38:08]} 25... Na5 {[%clk 0:04:04]} 26. Ke3 {[%clk 0:36:00]} 26... c5 {
[%clk 0:03:55]} 27. Nxb6 {[%clk 0:33:53]} 27... Rxb6 {[%clk 0:04:03]} 28. Rxa5
{[%clk 0:34:17]} 28... Rxb3 {[%clk 0:04:27]} 29. Rxc5 {[%clk 0:34:31]} 29...
Rxb2 {[%clk 0:04:47]} 30. Rxe5 {[%clk 0:34:48]} 30... Rxh2 {[%clk 0:05:02]} 31.
Kd4 {[%clk 0:32:43]} 31... Rg2 {[%clk 0:04:48]} 32. c4 {[%clk 0:31:53]} 32...
Rxg3 {[%clk 0:04:05]} 33. c5 {[%clk 0:32:05]} 33... Rg1 {[%clk 0:04:06]} 34. c6
{[%clk 0:32:14]} 34... f6 {[%clk 0:00:32]} 35. Rc5 {[%clk 0:31:12]} 35... Rd1+
{[%clk 0:01:01]} 36. Kc4 {[%clk 0:31:28]} 36... Rd8 {[%clk 0:01:29]} 37. c7 {
[%clk 0:31:45]} 37... Rc8 {[%clk 0:01:55]} 38. Kd5 {[%clk 0:32:02]} 38... f5 {
[%clk 0:00:48]} 39. exf5 {[%clk 0:31:39]} 39... Ke7 {[%clk 0:01:09]} 40. Kc6 {
[%clk 0:32:01]} 1-0

[Event "ODJM B 2018"]
[Site "Willingen GER"]
[Date "2018.05.20"]
[Round "1"]
[White "Weimert, Miriam"]
[Black "Poggemann, Alexander"]
[Result "1-0"]
[Termination "normal"]
[Board "7"]
[WhiteElo "1797"]
[BlackElo "1519"]
[WhiteClock "00:12:23"]
[BlackClock "00:09:38"]
[PlyCount "53"]
[WhiteFideId "12966703"]
[BlackFideId "16224167"]
[EventCountry "GER"]
[EventRounds "9"]
[EventType "swiss"]
[EventDate "2018.05.19"]

1. e4 {[%clk 1:30:58]} 1... e5 {[%clk 1:30:37]} 2. Nf3 {[%clk 1:31:07]} 2...
Nc6 {[%clk 1:30:42]} 3. d4 {[%clk 1:30:16]} 3... exd4 {[%clk 1:29:58]} 4. Bc4 {
[%clk 1:28:35]} 4... Nf6 {[%clk 1:28:23]} 5. e5 {[%clk 1:26:51]} 5... d5 {
[%clk 1:25:15]} 6. Bb5 {[%clk 1:26:52]} 6... Ne4 {[%clk 1:25:10]} 7. Nxd4 {
[%clk 1:26:42]} 7... Bd7 {[%clk 1:25:32]} 8. Bxc6 {[%clk 1:26:22]} 8... bxc6 {
[%clk 1:22:34]} 9. O-O {[%clk 1:19:36]} 9... Bc5 {[%clk 1:17:25]} 10. Be3 {
[%clk 1:11:41]} 10... Bb6 11. c3 11... O-O {[%clk 1:02:16]} 12. Nd2 { [%clk
1:07:35]} 12... c5 {[%clk 1:00:11]} 13. N4b3 {[%clk 0:59:34]} 13... Nxd2 {[%clk
0:55:07]} 14. Qxd2 {[%clk 0:57:39]} 14... c4 {[%clk 0:53:53]} 15. Nd4 { [%clk
0:55:58]} 15... c5 {[%clk 0:52:15]} 16. Ne2 {[%clk 0:53:59]} 16... Bc6 { [%clk
0:41:29]} 17. Ng3 {[%clk 0:30:43]} 17... d4 {[%clk 0:37:57]} 18. Bg5 { [%clk
0:26:22]} 18... Qd5 {[%clk 0:37:45]} 19. f4 {[%clk 0:24:55]} 19... h6 { [%clk
0:31:18]} 20. Bh4 {[%clk 0:24:32]} 20... Bd8 {[%clk 0:27:57]} 21. Bxd8 { [%clk
0:22:40]} 21... Raxd8 {[%clk 0:28:01]} 22. Nf5 {[%clk 0:20:09]} 22... Qe6
{[%clk 0:23:20]} 23. Nd6 {[%clk 0:18:40]} 23... d3 {[%clk 0:20:10]} 24. Rae1 {
[%clk 0:16:50]} 24... a5 {[%clk 0:12:34]} 25. f5 {[%clk 0:12:59]} 25... Qd5 {
[%clk 0:11:46]} 26. f6 {[%clk 0:13:03]} 26... g6 {[%clk 0:09:38]} 27. Rf3 {
[%clk 0:12:23]} 1-0

[Event "ODJM B 2018"]
[Site "Willingen GER"]
[Date "2018.05.20"]
[Round "1"]
[White "Hoppe, Nico"]
[Black "Breß, Aaron"]
[Result "1/2-1/2"]
[Termination "normal"]
[Board "8"]
[WhiteElo "1612"]
[BlackElo "1701"]
[WhiteClock "00:21:35"]
[BlackClock "00:26:02"]
[PlyCount "84"]
[WhiteFideId "16225520"]
[BlackFideId "12996432"]
[EventCountry "GER"]
[EventRounds "9"]
[EventType "swiss"]
[EventDate "2018.05.19"]

1. e4 {[%clk 1:30:25]} 1... c5 {[%clk 1:30:39]} 2. Nf3 {[%clk 1:30:14]} 2... e6
{[%clk 1:30:51]} 3. d4 {[%clk 1:28:56]} 3... cxd4 {[%clk 1:31:02]} 4. Nxd4 {
[%clk 1:28:56]} 4... a6 {[%clk 1:31:00]} 5. Nc3 {[%clk 1:26:52]} 5... Qc7 {
[%clk 1:30:55]} 6. a3 {[%clk 1:18:46]} 6... Nf6 {[%clk 1:29:44]} 7. Be3 { [%clk
1:08:24]} 7... Be7 {[%clk 1:26:53]} 8. f3 {[%clk 0:50:07]} 8... Nc6 { [%clk
1:15:07]} 9. Be2 {[%clk 0:43:43]} 9... O-O {[%clk 1:03:54]} 10. Qd2 { [%clk
0:37:13]} 10... d6 {[%clk 0:55:48]} 11. h4 {[%clk 0:29:13]} 11... Ne5 { [%clk
0:47:34]} 12. g4 {[%clk 0:21:49]} 12... Nc4 {[%clk 0:37:24]} 13. Bxc4 { [%clk
0:19:23]} 13... Qxc4 {[%clk 0:37:48]} 14. h5 {[%clk 0:18:20]} 14... Nd7 { [%clk
0:26:59]} 15. f4 {[%clk 0:13:23]} 15... Bf6 {[%clk 0:15:09]} 16. g5 { [%clk
0:06:40]} 16... Bxd4 {[%clk 0:15:27]} 17. Bxd4 {[%clk 0:06:50]} 17... e5 {[%clk
0:15:43]} 18. fxe5 {[%clk 0:05:44]} 18... Nxe5 {[%clk 0:15:48]} 19. Bxe5 {[%clk
0:03:23]} 19... dxe5 {[%clk 0:16:07]} 20. Qd5 {[%clk 0:03:11]} 20... Qc7 {[%clk
0:07:19]} 21. O-O-O {[%clk 0:01:37]} 21... Be6 {[%clk 0:07:06]} 22. Qd3 {[%clk
0:01:23]} 22... Rad8 {[%clk 0:07:04]} 23. Qf3 {[%clk 0:01:39]} 23... Qe7 {[%clk
0:05:07]} 24. Qg3 {[%clk 0:01:43]} 24... Bc4 {[%clk 0:04:09]} 25. g6 { [%clk
0:00:37]} 25... h6 {[%clk 0:04:00]} 26. gxf7+ {[%clk 0:00:32]} 26... Bxf7
{[%clk 0:03:23]} 27. Nd5 {[%clk 0:00:33]} 27... Bxd5 {[%clk 0:03:24]} 28. Rxd5
{[%clk 0:00:58]} 28... Rxd5 {[%clk 0:02:09]} 29. exd5 {[%clk 0:01:27]} 29...
Qd6 {[%clk 0:01:45]} 30. Re1 {[%clk 0:01:31]} 30... Qxd5 {[%clk 0:01:54]} 31.
Qxe5 {[%clk 0:01:57]} 31... Qa2 {[%clk 0:01:07]} 32. c3 {[%clk 0:01:28]} 32...
Rd8 {[%clk 0:01:01]} 33. Kc2 {[%clk 0:01:28]} 33... Qf7 {[%clk 0:00:53]} 34.
Re2 {[%clk 0:01:21]} 34... b5 {[%clk 0:00:43]} 35. Rd2 {[%clk 0:00:51]} 35...
Re8 {[%clk 0:00:40]} 36. Qd5 {[%clk 0:01:03]} 36... Qxd5 {[%clk 0:00:38]} 37.
Rxd5 {[%clk 0:01:32]} 37... Re6 {[%clk 0:00:47]} 38. b4 {[%clk 0:01:22]} 38...
Kf7 {[%clk 0:01:04]} 39. Kd3 {[%clk 0:01:13]} 39... Rc6 {[%clk 0:00:38]} 40.
Kd4 {[%clk 0:01:06]} 40... Rc4+ {[%clk 0:00:37]} 41. Kd3 {[%clk 0:28:14]} 41...
Ke6 {[%clk 0:26:02]} 42. Rd4 {[%clk 0:21:35]} 42... Rc6 1/2-1/2

[Event "ODJM B 2018"]
[Site "Willingen GER"]
[Date "2018.05.20"]
[Round "1"]
[White "Diegel, Jonas"]
[Black "Kublanov, Elizabeth"]
[Result "1/2-1/2"]
[Termination "normal"]
[Board "9"]
[WhiteElo "1712"]
[BlackElo "1579"]
[WhiteClock "00:08:30"]
[BlackClock "00:08:07"]
[PlyCount "43"]
[WhiteFideId "16206061"]
[BlackFideId "12944564"]
[EventCountry "GER"]
[EventRounds "9"]
[EventType "swiss"]
[EventDate "2018.05.19"]

1. d4 {[%clk 1:30:57]} 1... d5 {[%clk 1:30:44]} 2. c4 {[%clk 1:31:21]} 2... e6
{[%clk 1:31:02]} 3. Nf3 {[%clk 1:31:46]} 3... c5 {[%clk 1:29:31]} 4. cxd5 {
[%clk 1:30:18]} 4... exd5 {[%clk 1:28:16]} 5. Nc3 {[%clk 1:29:59]} 5... Be6 {
[%clk 1:26:03]} 6. g3 {[%clk 1:27:51]} 6... Nc6 {[%clk 1:23:51]} 7. Bg2 { [%clk
1:24:28]} 7... h6 {[%clk 1:21:13]} 8. O-O {[%clk 1:19:20]} 8... Nf6 { [%clk
1:16:52]} 9. Re1 {[%clk 1:15:36]} 9... Be7 {[%clk 1:11:38]} 10. Bf4 { [%clk
1:03:06]} 10... g5 {[%clk 0:59:22]} 11. Be5 {[%clk 1:00:43]} 11... g4 { [%clk
0:55:01]} 12. Nh4 {[%clk 0:55:30]} 12... Nxe5 {[%clk 0:43:33]} 13. dxe5 { [%clk
0:55:14]} 13... Nh5 {[%clk 0:33:32]} 14. Nxd5 {[%clk 0:53:37]} 14... Bxh4
{[%clk 0:32:50]} 15. gxh4 {[%clk 0:49:53]} 15... O-O {[%clk 0:24:45]} 16. Qd2 {
[%clk 0:44:45]} 16... Kg7 {[%clk 0:23:55]} 17. Red1 {[%clk 0:40:36]} 17... Qxh4
{[%clk 0:22:30]} 18. Rac1 {[%clk 0:36:56]} 18... b6 {[%clk 0:18:38]} 19. Qc3 {
[%clk 0:31:41]} 19... Rad8 {[%clk 0:17:46]} 20. Rd2 {[%clk 0:25:52]} 20... Qg5
{[%clk 0:10:18]} 21. Rcd1 {[%clk 0:19:38]} 21... Rc8 {[%clk 0:08:07]} 22. b3 {
[%clk 0:08:30]} 1/2-1/2

[Event "ODJM B 2018"]
[Site "Willingen GER"]
[Date "2018.05.20"]
[Round "1"]
[White "Kögel, Josef"]
[Black "Celik, Cem"]
[Result "1/2-1/2"]
[Termination "normal"]
[Board "10"]
[WhiteElo "1527"]
[BlackElo "1800"]
[WhiteClock "00:01:34"]
[BlackClock "00:28:57"]
[PlyCount "76"]
[WhiteFideId "16237641"]
[BlackFideId "16206673"]
[EventCountry "GER"]
[EventRounds "9"]
[EventType "swiss"]
[EventDate "2018.05.19"]

1. Nf3 {[%clk 1:30:57]} 1... d5 {[%clk 1:30:56]} 2. g3 {[%clk 1:31:20]} 2...
Nf6 {[%clk 1:31:16]} 3. Bg2 {[%clk 1:31:24]} 3... c5 {[%clk 1:31:04]} 4. O-O {
[%clk 1:31:39]} 4... Nc6 {[%clk 1:31:33]} 5. d3 {[%clk 1:31:30]} 5... e5 {
[%clk 1:30:46]} 6. Nbd2 {[%clk 1:31:44]} 6... Bd6 {[%clk 1:29:47]} 7. c3 {
[%clk 1:30:16]} 7... O-O {[%clk 1:28:28]} 8. Re1 8... e4 {[%clk 1:28:21]} 9.
dxe4 {[%clk 1:24:40]} 9... dxe4 {[%clk 1:25:43]} 10. Ng5 {[%clk 1:24:40]} 10...
e3 {[%clk 1:25:07]} 11. fxe3 {[%clk 1:24:00]} 11... h6 {[%clk 1:19:02]} 12.
Nge4 {[%clk 1:17:32]} 12... Bf5 {[%clk 1:12:58]} 13. Nxf6+ {[%clk 0:56:25]}
13... Qxf6 {[%clk 1:12:46]} 14. Ne4 {[%clk 0:53:33]} 14... Bxe4 {[%clk 1:12:13]
} 15. Bxe4 {[%clk 0:53:52]} 15... Rad8 {[%clk 1:12:21]} 16. Qa4 {[%clk 0:46:40]
} 16... Qg5 {[%clk 1:06:43]} 17. Bf3 {[%clk 0:36:39]} 17... Bxg3 { [%clk
1:02:05]} 18. hxg3 {[%clk 0:36:49]} 18... Qxg3+ {[%clk 1:02:31]} 19. Kf1 {[%clk
0:36:48]} 19... Ne5 {[%clk 1:02:44]} 20. Qf4 {[%clk 0:33:27]} 20... Qh3+ {[%clk
1:02:44]} 21. Bg2 {[%clk 0:32:09]} 21... Qh5 {[%clk 1:03:04]} 22. Bf3 { [%clk
0:30:30]} 22... Nxf3 {[%clk 1:01:54]} 23. exf3 {[%clk 0:28:07]} 23... Qh3+
{[%clk 1:00:09]} 24. Kf2 {[%clk 0:26:26]} 24... Rd5 {[%clk 0:54:35]} 25. Rg1
{[%clk 0:22:50]} 25... Qe6 {[%clk 0:48:37]} 26. Qg4 {[%clk 0:18:52]} 26... Qf6
{[%clk 0:48:46]} 27. e4 27... Rd3 {[%clk 0:48:40]} 28. Qg3 {[%clk 0:12:58]}
28... c4 {[%clk 0:46:33]} 29. e5 {[%clk 0:11:36]} 29... Qb6+ {[%clk 0:45:18]}
30. Ke1 {[%clk 0:08:51]} 30... g6 {[%clk 0:45:37]} 31. Rg2 {[%clk 0:05:53]}
31... Rfd8 {[%clk 0:45:44]} 32. Bxh6 {[%clk 0:05:22]} 32... Qc6 {[%clk 0:44:18]
} 33. Ke2 {[%clk 0:04:40]} 33... Qa4 {[%clk 0:42:32]} 34. Rc1 {[%clk 0:03:19]}
34... Qc6 {[%clk 0:42:16]} 35. Qf4 {[%clk 0:02:41]} 35... Re8 {[%clk 0:32:35]}
36. Kf2 {[%clk 0:01:30]} 36... Qc5+ {[%clk 0:32:35]} 37. Kf1 {[%clk 0:01:35]}
37... Qd5 {[%clk 0:29:40]} 38. Kf2 {[%clk 0:01:34]} 38... Qc5+ {[%clk 0:28:57]}
1/2-1/2

[Event "ODJM B 2018"]
[Site "Willingen GER"]
[Date "2018.05.20"]
[Round "1"]
[White "Walow, Xenia"]
[Black "Frank, Carolin"]
[Result "1-0"]
[Termination "normal"]
[Board "11"]
[WhiteElo "1742"]
[BlackElo "1556"]
[WhiteClock "00:17:01"]
[BlackClock "00:03:02"]
[PlyCount "69"]
[WhiteFideId "12971839"]
[BlackFideId "16207190"]
[EventCountry "GER"]
[EventRounds "9"]
[EventType "swiss"]
[EventDate "2018.05.19"]

1. d4 {[%clk 1:30:56]} 1... Nf6 {[%clk 1:30:55]} 2. Bf4 {[%clk 1:31:11]} 2...
g6 {[%clk 1:31:19]} 3. e3 {[%clk 1:31:38]} 3... Bg7 {[%clk 1:31:46]} 4. Nf3 {
[%clk 1:31:47]} 4... d6 {[%clk 1:32:03]} 5. c4 {[%clk 1:31:26]} 5... O-O {
[%clk 1:31:27]} 6. Be2 {[%clk 1:30:16]} 6... c5 {[%clk 1:28:22]} 7. Nc3 { [%clk
1:27:50]} 7... Bd7 {[%clk 1:18:37]} 8. h3 {[%clk 1:26:40]} 8... Na6 { [%clk
1:12:06]} 9. O-O {[%clk 1:25:26]} 9... Nc7 {[%clk 1:09:01]} 10. Re1 { [%clk
1:22:38]} 10... a6 {[%clk 1:04:24]} 11. Qb3 {[%clk 1:18:55]} 11... Rb8 { [%clk
1:03:41]} 12. dxc5 {[%clk 1:15:14]} 12... dxc5 {[%clk 1:03:50]} 13. Rad1 {[%clk
1:15:20]} 13... b6 {[%clk 0:32:47]} 14. Ne5 {[%clk 1:09:55]} 14... Qc8 { [%clk
0:29:02]} 15. Nxd7 {[%clk 1:07:22]} 15... Nxd7 {[%clk 0:29:21]} 16. Nd5 { [%clk
1:07:16]} 16... Nxd5 {[%clk 0:26:00]} 17. Bxb8 {[%clk 1:04:56]} 17... Nxe3
{[%clk 0:22:26]} 18. Qxe3 {[%clk 1:00:53]} 18... Nxb8 {[%clk 0:22:41]} 19. Qxe7
{[%clk 1:00:28]} 19... Nc6 {[%clk 0:20:27]} 20. Qe3 {[%clk 0:55:10]} 20... Nd4
{[%clk 0:17:58]} 21. Bd3 {[%clk 0:51:03]} 21... Qc6 {[%clk 0:15:49]} 22. b3
{[%clk 0:47:20]} 22... Qf6 {[%clk 0:13:58]} 23. Be4 {[%clk 0:45:41]} 23... Re8
{[%clk 0:13:19]} 24. Qd3 {[%clk 0:44:39]} 24... Re7 {[%clk 0:12:38]} 25. Bd5 {
[%clk 0:44:37]} 25... Rd7 {[%clk 0:11:21]} 26. Re8+ {[%clk 0:43:05]} 26... Bf8
{[%clk 0:11:47]} 27. Rde1 {[%clk 0:42:58]} 27... Kg7 {[%clk 0:10:56]} 28. Qe4 {
[%clk 0:39:25]} 28... Nf5 {[%clk 0:10:16]} 29. Qf3 {[%clk 0:31:45]} 29... Be7 {
[%clk 0:08:46]} 30. Rc8 {[%clk 0:21:53]} 30... Rd6 {[%clk 0:05:30]} 31. Qe4 {
[%clk 0:20:02]} 31... Rd7 {[%clk 0:05:32]} 32. Rc6 {[%clk 0:20:05]} 32... Rd6 {
[%clk 0:05:24]} 33. Rc7 {[%clk 0:17:53]} 33... Kf8 {[%clk 0:04:39]} 34. g4 {
[%clk 0:17:00]} 34... Ng7 {[%clk 0:03:02]} 35. Qxe7+ {[%clk 0:17:01]} 1-0

[Event "ODJM B 2018"]
[Site "Willingen GER"]
[Date "2018.05.20"]
[Round "1"]
[White "von der Weyden, Louis"]
[Black "Alferova, Ekaterina"]
[Result "0-1"]
[Termination "normal"]
[Board "12"]
[WhiteElo "1504"]
[BlackElo "1600"]
[WhiteClock "00:38:44"]
[BlackClock "00:39:35"]
[PlyCount "56"]
[WhiteFideId "16207050"]
[BlackFideId "16217250"]
[EventCountry "GER"]
[EventRounds "9"]
[EventType "swiss"]
[EventDate "2018.05.19"]

1. c4 {[%clk 1:30:57]} 1... Nf6 {[%clk 1:30:51]} 2. Nc3 {[%clk 1:31:15]} 2...
e6 {[%clk 1:31:04]} 3. e4 {[%clk 1:30:18]} 3... Nc6 {[%clk 1:31:20]} 4. g3 {
[%clk 1:30:17]} 4... d5 {[%clk 1:27:26]} 5. cxd5 {[%clk 1:26:15]} 5... exd5 {
[%clk 1:27:41]} 6. exd5 {[%clk 1:26:39]} 6... Nxd5 {[%clk 1:28:01]} 7. d4 {
[%clk 1:17:06]} 7... Bb4 {[%clk 1:25:35]} 8. Nge2 {[%clk 1:03:28]} 8... Bg4 {
[%clk 1:18:42]} 9. Qd3 {[%clk 1:03:18]} 9... O-O {[%clk 1:15:50]} 10. Bd2 {
[%clk 1:02:35]} 10... Re8 {[%clk 1:07:17]} 11. f3 {[%clk 0:50:29]} 11... Bh5 {
[%clk 1:02:36]} 12. Kf2 {[%clk 0:50:24]} 12... Bxc3 {[%clk 1:01:00]} 13. bxc3 {
[%clk 0:50:22]} 13... Bg6 {[%clk 0:56:32]} 14. Qb5 {[%clk 0:50:12]} 14... Nb6 {
[%clk 0:53:58]} 15. Nf4 {[%clk 0:48:48]} 15... a6 {[%clk 0:52:35]} 16. Qb3 {
[%clk 0:48:17]} 16... Nxd4 {[%clk 0:48:07]} 17. cxd4 {[%clk 0:46:24]} 17...
Qxd4+ {[%clk 0:48:30]} 18. Kg2 {[%clk 0:44:50]} 18... Qxd2+ {[%clk 0:47:58]}
19. Kh3 {[%clk 0:44:39]} 19... Bf5+ {[%clk 0:47:18]} 20. g4 {[%clk 0:43:33]}
20... Qxf4 {[%clk 0:47:25]} 21. gxf5 {[%clk 0:43:17]} 21... Qxf5+ { [%clk
0:47:42]} 22. Kg2 {[%clk 0:43:32]} 22... Qg5+ {[%clk 0:44:54]} 23. Kf2 { [%clk
0:43:15]} 23... Re5 {[%clk 0:40:13]} 24. Qc3 {[%clk 0:42:39]} 24... Qh4+ {[%clk
0:40:18]} 25. Kg1 {[%clk 0:42:32]} 25... Rg5+ {[%clk 0:40:07]} 26. Bg2 { [%clk
0:42:32]} 26... Nd5 {[%clk 0:40:07]} 27. Qd2 {[%clk 0:40:04]} 27... Nf4 { [%clk
0:40:11]} 28. Qd4 {[%clk 0:38:44]} 28... Ne2+ {[%clk 0:39:35]} 0-1